NBA: Top 15 White Dunkers (2020-2021 Season) - Statistics

General Stats
  • This quiz has been taken 68 times
    30 since last reset
  • The average score is 5 of 15
Answer Stats
# Player Dunks % Correct
8 Nikola Jokić 45
74%
6 Kristaps Porziņģis 59
65%
2 Mason Plumlee 99
61%
10 Domantas Sabonis 39
57%
7 Cody Zeller 52
48%
5 Jonas Valančiūnas 61
48%
1 Ivica Zubac 139
39%
9 Jakob Poeltl 40
39%
3 Alex Len 75
26%
4 Daniel Theis 71
26%
15 Willy Hernangómez 27
22%
12 Lauri Markkanen 33
17%
14 Isaiah Hartenstein 28
9%
13 Aron Baynes 31
4%
11 Drew Eubanks 37
4%
No matching quizzes found
Score Distribution
Percent of People with Each Score
Percentile by Number Answered
Your Score History
You have not taken this quiz since the last reset